Indian Sociology : Social Conditioning Remerging Concepts (Record no. 27542)

MARC details
000 -LEADER
fixed length control field 00448nam a2200181Ia 4500
008 - FIXED-LENGTH DATA ELEMENTS--GENERAL INFORMATION
fixed length control field 220531s9999 xx 000 0 und d
041 ## - LANGUAGE CODE
Language code of text/sound track or separate title eng
082 ## - DEWEY DECIMAL CLASSIFICATION NUMBER
Item number SIN
100 ## - MAIN ENTRY--PERSONAL NAME
Personal name Singh, Yogender
9 (RLIN) 46851
245 ## - TITLE STATEMENT
Title Indian Sociology : Social Conditioning Remerging Concepts
250 ## - EDITION STATEMENT
Edition statement 1ST
260 ## - PUBLICATION, DISTRIBUTION, ETC. (IMPRINT)
Name of publisher, distributor, etc. Vistar
Date of publication, distribution, etc. 2004
300 ## - PHYSICAL DESCRIPTION
Extent 145
542 ## - INFORMATION RELATING TO COPYRIGHT STATUS
Copyright holder 14-07-2004
650 ## - SUBJECT ADDED ENTRY--TOPICAL TERM
Topical term or geographic name as entry element Sociology
9 (RLIN) 46852
906 ## - LOCAL DATA ELEMENT F, LDF (RLIN)
d 2008-2009
Holdings
Withdrawn status Lost status Source of classification or shelving scheme Damaged status Not for loan Home library Current library Date acquired Vendor Cost, normal purchase price Total Checkouts Total Holds Full call number Barcode Date last seen Bill Date Koha item type Original Barcode
    Dewey Decimal Classification     Shri Siddhivinayak Mahila Mahavidyalaya Shri Siddhivinayak Mahila Mahavidyalaya 14/07/2008 Pritam 160.00   1 /SIN/B/8528 SSMM-BK-8528 06/08/2022 06/08/2022 Books 010008528